000 00400nam a22001457a 4500
005 20200620125702.0
008 200620b xxu||||| |||| 00| 0 eng d
082 _a345.4 AIR
110 _aALL INDIA REPORTER
_96266
245 _aALL INDIA REPORTER, [JULY-2019] , [7] VOL-106, [PART-1267]
260 _aMUMBAI
_bALL INDIA REPORTER,PVT. LTD.
300 _a160;p
650 _aLAW
_95701
942 _cJRL
999 _c7382
_d7380